000 00825cam a2200253 a 4500
001 16931016
005 20180122032751.0
008 110822s2011 nyu b 001 0 eng
010 _a 2011290887
020 _a9781599414621 (hbk.)
020 _a9781609300463 (pbk. ; teacher's manual)
040 _aDLC
_cDLC
_dDLC
041 _aeng
042 _apcc
043 _an-us---
080 _a34 ARO
100 1 _a14
101 _aJUR
245 1 0 _aCorporations and other business organizations :
_cby Melvin Aron Eisenberg, James D. Cox.
504 _aIncludes bibliographical references and index.
906 _a7
_bcbc
_corigcop
_d2
_encip
_f20
_gy-gencatlg
942 _2ddc
_cBK
999 _c40620
_d40620